Manual of clinical psychopharmacology / (Record no. 964)

MARC details
000 -LEADER
fixed length control field 01137cam a22003854a 4500
005 - DATE AND TIME OF LATEST TRANSACTION
control field 20260322212041.0
008 - FIXED-LENGTH DATA ELEMENTS--GENERAL INFORMATION
fixed length control field data
010 ## - LIBRARY OF CONGRESS CONTROL NUMBER
LC control number 2002021557
020 ## - INTERNATIONAL STANDARD BOOK NUMBER
International Standard Book Number 9780880488655 (alk. paper)
020 ## - INTERNATIONAL STANDARD BOOK NUMBER
International Standard Book Number 0880488654 (alk. paper)
040 ## - CATALOGING SOURCE
Original cataloging agency DLC
Transcribing agency DLC
Modifying agency VET
041 09 - LANGUAGE CODE
Language code of text/sound track or separate title eng
042 ## - AUTHENTICATION CODE
Authentication code nlmcopyc
-- nlmcopyc
044 ## - COUNTRY OF PUBLISHING/PRODUCING ENTITY CODE
-- United States
049 ## - LOCAL HOLDINGS (OCLC)
Holding library NLMM
050 00 - LIBRARY OF CONGRESS CALL NUMBER
Classification number RC483
Item number .S37 2003
060 10 - NATIONAL LIBRARY OF MEDICINE CALL NUMBER
Classification number QV 77
Item number S312m 2003
082 00 - DEWEY DECIMAL CLASSIFICATION NUMBER
Classification number 616.89/18
Edition information 21
001 - CONTROL NUMBER
control field data
100 1# - MAIN ENTRY--PERSONAL NAME
Personal name Schatzberg, Alan F.
245 10 - TITLE STATEMENT
Title Manual of clinical psychopharmacology /
Statement of responsibility, etc. Alan F. Schatzberg, Jonathan O. Cole & Charles DeBattista.
250 ## - EDITION STATEMENT
Edition statement 4th ed.
260 ## - PUBLICATION, DISTRIBUTION, ETC.
Place of publication, distribution, etc. Washington, DC :
Name of publisher, distributor, etc. American Psychiatric Pub.,
Date of publication, distribution, etc. c2003.
300 ## - PHYSICAL DESCRIPTION
Extent xxiv, 700 p. :
Other physical details ill. ;
Dimensions 21 cm.
504 ## - BIBLIOGRAPHY, ETC. NOTE
Bibliography, etc. note Includes bibliographical references and index.
650 12 - SUBJECT ADDED ENTRY--TOPICAL TERM
Topical term or geographic name entry element Psychopharmacology
650 22 - SUBJECT ADDED ENTRY--TOPICAL TERM
Topical term or geographic name entry element Psychotropic Drugs
General subdivision pharmacology
650 22 - SUBJECT ADDED ENTRY--TOPICAL TERM
Topical term or geographic name entry element Mental Disorders
General subdivision drug therapy
700 1# - ADDED ENTRY--PERSONAL NAME
Personal name Cole, Jonathan O.
700 1# - ADDED ENTRY--PERSONAL NAME
Personal name DeBattista, Charles.
986 ## -
-- JCY20030501
992 ## -
-- P2
-- E4
-- 20030501
993 ## -
-- SRW
-- 20030612
994 ## -
-- CDN
-- 20030612
Holdings
Withdrawn status Lost status Damaged status Not for loan Home library Current library Shelving location Date acquired Total checkouts Full call number Barcode Date last seen Price effective from Koha item type
        Franklin Franklin General stacks 22/03/2026   616.89/18 21 BC0010996 22/03/2026 22/03/2026 Books